Θρήνος για τον Ιουλιανό ; Υπέρ των Ελληνικών ναών ; Προς αυτούς που τον είπαν κουραστικό
Αποθηκεύτηκε σε:
| Κύριος συγγραφέας: | |
|---|---|
| Άλλοι συγγραφείς: | |
| Μορφή: | Βιβλίο |
| Γλώσσα: | Greek |
| Δημοσίευση: |
Θεσσαλονίκη :
Θύραθεν,
[1998].
|
| Σειρά: | Οι τελευταίοι Έλληνες εθνικοί
|
| Θέματα: | |
| Ετικέτες: |
Προσθήκη ετικέτας
Δεν υπάρχουν, Καταχωρήστε ετικέτα πρώτοι!
|
MARC
| LEADER | 00000cam a2200000 i 4500 | ||
|---|---|---|---|
| 001 | 1/44454 | ||
| 008 | 031105s1998 gr | ||| |||| ||gre|| | ||
| 020 | |a 9608097053 | ||
| 035 | |l 10071550 | ||
| 040 | |a GR-MyUA |b gre |e AACR2 | ||
| 041 | 0 | |a gre | |
| 082 | 0 | |a 189 | |
| 100 | 0 | |a Λιβάνιος, |d 314-393. | |
| 245 | 1 | 0 | |a Θρήνος για τον Ιουλιανό ; Υπέρ των Ελληνικών ναών ; Προς αυτούς που τον είπαν κουραστικό / |c Λιβάνιος ; Επιμέλεια - πρόλογος Γιάννης Αβραμίδης. |
| 246 | 3 | 3 | |a Θρήνος για τον Ιουλιανό |
| 246 | 3 | 3 | |a Υπέρ των ελληνικών ναών |
| 246 | 3 | 3 | |a Προς αυτούς που τον είπαν κουραστικό |
| 260 | |a Θεσσαλονίκη : |b Θύραθεν, |c [1998]. | ||
| 300 | |a 173 σ. ; |c 24 εκ. | ||
| 490 | 1 | |a (Οι τελευταίοι Έλληνες εθνικοί) | |
| 500 | |a Αρχαίο κείμενο με νεοελληνική μετάφραση σε αντικριστές σελίδες. | ||
| 600 | 0 | 0 | |a Λιβάνιος, |d 314-393. |
| 650 | 0 | 0 | |a Oratory, Ancient. |
| 700 | 1 | |a Αβραμίδης, Γιάννης, |e edt | |
| 830 | 0 | |a Οι τελευταίοι Έλληνες εθνικοί | |
| 852 | |a INST |b SAMOS |e 20031105 |h 885.6 ΛΙΒ |p 005300023704 |q 005300023704 |t BK |y 0 | ||
| 901 | |a BIBL3-2003-3 | ||
| 909 | |a Σ |b 099336 | ||
| 920 | |a ΕΝΩΣΗ ΣΑΜΙΩΝ ΕΘΝΙΚΩΝ |y Σάμος |z 2003-11 | ||
| 970 | |a ΜΑΛΑΓΑΡΗ |b ΦΩΤΕΙΝΗ |z 2003/11/05 | ||